000
00253 a2200097 4500
001
34553
100
_a
Morgan Kaufmann
245
_a
Big Book of Border Gateway Protocol (BGP) RFCs
260
_a
California
_b
Morgan Kaufmann
_c
2000
090
_c
22836
_d
22836
942
_a
NUST-CAE
_c
M
_c
14265
999
_c
269626
_d
269626